[Event "VIE-ch"]
[Site "Hanoi"]
[Date "2016.??.??"]
[Round "3"]
[White "Cao, Sang"]
[Black "Nguyen, Huru Hoang Anh"]
[Result "1-0"]
[WhiteElo "2402"]
[BlackElo "2025"]
[PlyCount "29"]
[EventDate "2016.11.10"]
[EventType "swiss"]
[EventRounds "7"]
[EventCountry "VIE"]
[SourceTitle "EXT 2018"]
[Source "ChessBase"]
[SourceDate "2017.10.13"]
[SourceVersion "1"]
[SourceVersionDate "2017.10.13"]
[SourceQuality "1"]

1. e4 e5 2. Nf3 Nf6 3. d4 Nxe4 4. Bd3 d5 5. Nxe5 Be7 6. 0-0 0-0 7. c4 c6 8. Nc3 Nxc3 9. bxc3 dxc4 10. Bxc4 Nd7 11. f4 Nb6 12. Bb3 a5 13. Qh5 Nd5 14. Bd2 Be6 15. Qf3 1-0

[Event "VIE-ch"]
[Site "Hanoi"]
[Date "2016.??.??"]
[Round "1"]
[White "Nguyen, Huru Hoang Anh"]
[Black "Duong, The Anh"]
[Result "1/2-1/2"]
[WhiteElo "2025"]
[BlackElo "2321"]
[PlyCount "116"]
[EventDate "2016.11.10"]
[EventType "swiss"]
[EventRounds "7"]
[EventCountry "VIE"]
[SourceTitle "EXT 2018"]
[Source "ChessBase"]
[SourceDate "2017.10.13"]
[SourceVersion "1"]
[SourceVersionDate "2017.10.13"]
[SourceQuality "1"]

1. e4 c5 2. Nf3 d6 3. d4 Nf6 4. Nc3 cxd4 5. Nxd4 a6 6. h3 e5 7. Nde2 h5 8. g3 Be7 9. Bg2 b5 10. Bg5 Nbd7 11. a3 Bb7 12. 0-0 Nc5 13. Bxf6 Bxf6 14. Nd5 h4 15. g4 Bg5 16. f4 exf4 17. Nexf4 0-0 18. Qf3 Bf6 19. c3 Be5 20. Rad1 Ne6 21. Nd3 Bg3 22. Kh1 Ng5 23. Qe3 Re8 24. Rf5 Bxd5 25. Rxd5 Nxe4 26. Bxe4 Qe7 27. Rd4 d5 28. Rxd5 Qxe4+ 29. Qxe4 Rxe4 30. Nc5 Re2 31. R5d2 Re5 32. b4 Re3 33. Rd3 Rxd3 34. Rxd3 a5 35. Ne4 axb4 36. axb4 Bf4 37. Kg2 f6 38. Rd5 Rb8 39. Kf3 Be5 40. Ke3 Kf7 41. Kd3 Ke6 42. Rc5 g6 43. Rc6+ Ke7 44. Ra6 Rd8+ 45. Kc2 f5 46. Ra7+ Rd7 47. Rxd7+ Kxd7 48. gxf5 gxf5 49. Ng5 Kc6 50. Kd3 Kd5 51. Nf3 Bf6 52. Nd2 Ke5 53. c4 bxc4+ 54. Nxc4+ Kf4 55. b5 Bd8 56. Ne3 Kg3 57. Nxf5+ Kxh3 58. Nxh4 Kxh4 1/2-1/2

[Event "VIE-ch"]
[Site "Hanoi"]
[Date "2016.??.??"]
[Round "4"]
[White "Nguyen, Huru Hoang Anh"]
[Black "Le, Minh Hoang"]
[Result "0-1"]
[WhiteElo "2025"]
[BlackElo "2198"]
[PlyCount "90"]
[EventDate "2016.11.10"]
[EventType "swiss"]
[EventRounds "7"]
[EventCountry "VIE"]
[SourceTitle "EXT 2018"]
[Source "ChessBase"]
[SourceDate "2017.10.13"]
[SourceVersion "1"]
[SourceVersionDate "2017.10.13"]
[SourceQuality "1"]

1. e4 c5 2. Nf3 e6 3. d4 cxd4 4. Nxd4 a6 5. c4 Nf6 6. Nc3 Qc7 7. a3 b6 8. Be3 Bb7 9. f3 Nc6 10. Be2 Ne5 11. Rc1 Ng6 12. b4 d6 13. Nb3 Nd7 14. Na4 Be7 15. Qd4 Bf6 16. Qd2 0-0 17. 0-0 Bc6 18. Nc3 Qb8 19. Rfd1 Be7 20. a4 Rc8 21. g3 Bb7 22. f4 a5 23. bxa5 bxa5 24. e5 dxe5 25. Qxd7 Bc6 26. Qd2 exf4 27. gxf4 Qxb3 28. Rb1 Qa3 29. Ra1 Qb4 30. Rdb1 Qd6 31. Nb5 Qxd2 32. Bxd2 Bc5+ 33. Kf1 Be4 34. Rb3 Rd8 35. Bc1 Rac8 36. Ra2 f5 37. Rd2 Kf7 38. Nc3 Bc6 39. Nb5 e5 40. fxe5 Nxe5 41. Rxd8 Rxd8 42. Rh3 h6 43. Bb2 Ng4 44. Bxg4 fxg4 45. Rh5 Rd1+ 0-1